| Tag |
First Indicator |
Second Indicator |
Subfields |
| LEADER |
00000cam a2200000 a 4500 |
| 001 |
in00001466806 |
| 007 |
he bmb024bbca |
| 008 |
990205s1998 dcu bb f000 0 eng d |
| 005 |
20230331145737.4 |
| 035 |
|
|
|a (OCoLC)ocm40739478
|
| 035 |
|
|
|9 AJE4305AM
|
| 035 |
|
|
|a in00001466806
|
| 037 |
|
|
|a 160871
|b GAO (202) 512-6000 (Voice); (202) 512-6061 (Fax); (202) 512-3507 (TDD)
|f paper copy
|
| 040 |
|
|
|a GPO
|c GPO
|d OCL
|d GPO
|d MvI
|d UtOrBLW
|
| 043 |
|
|
|a n-us---
|
| 049 |
|
|
|a UMIC
|
| 049 |
|
|
|a WWW
|
| 074 |
|
|
|a 0546-D (MF)
|
| 074 |
|
|
|a 0546-D (online)
|
| 086 |
0 |
|
|a GA 1.13:GGD-98-173
|
| 088 |
|
|
|a GAO/GGD-98-173
|
| 088 |
|
|
|a B-278383
|
| 110 |
1 |
|
|a United States.
|b General Accounting Office.
|
| 245 |
1 |
0 |
|a Federal housing enterprises :
|b HUD's mission oversight needs to be strengthened : report to the Chairman, Subcommittee on Capital Markets, Securities, and Government Sponsored Enterprises, Committee on Banking and Financial Services, House of Representatives.
|
| 264 |
|
1 |
|a Washington, D.C. (P.O. Box 37050, Washington 20013) :
|b U.S. General Accounting Office,
|c [1998]
|
| 300 |
|
|
|a 70 pages ;
|c 28 cm.
|
| 336 |
|
|
|a text
|b txt
|2 rdacontent
|
| 337 |
|
|
|a microform
|b h
|2 rdamedia
|
| 338 |
|
|
|a microfiche
|b he
|2 rdacarrier
|
| 500 |
|
|
|a Cover title.
|
| 500 |
|
|
|a Shipping list number: 99-0200-M.
|
| 500 |
|
|
|a "July 1998."
|
| 504 |
|
|
|a Includes bibliographical references.
|
| 500 |
|
|
|a "GAO/GGD-98-173."
|
| 500 |
|
|
|a "B-278383"--P. 1.
|
| 533 |
|
|
|a Microfiche.
|b [Washington, D.C. :
|c U.S. General Accounting Office,
|d 1998]
|e 1 microfiche : negative.
|
| 530 |
|
|
|a Also available via Internet from the GPO Access web site. Address as of 09/10/2002: http://frwebgate.access.gpo.gov/cgi-bin/getdoc.cgi?dbname=gao&docid=f:gg98173.pdf; current access is available via PURL.
|
| 500 |
|
|
|a Microform.
|
| 610 |
1 |
0 |
|a United States.
|b Office of Federal Housing Enterprise Oversight
|x Auditing.
|
| 610 |
2 |
0 |
|a Federal National Mortgage Association.
|
| 610 |
2 |
0 |
|a Federal Home Loan Mortgage Corporation.
|
| 650 |
|
0 |
|a Mortgage loans
|z United States
|x State supervision.
|
| 650 |
|
0 |
|a Housing policy
|z United States.
|
| 776 |
1 |
|
|c Original
|w (DLC) 98179901
|
| 856 |
4 |
1 |
|u https://purl.fdlp.gov/GPO/LPS22414
|z Adobe Acrobat Reader required
|t 0
|
| 999 |
|
|
|a MARS
|
| 999 |
f |
f |
|i f6075463-6091-3836-93f8-e70d59ddec39
|s 06f5ef7b-5627-301e-ae1d-fb471df77402
|t 0
|
| 952 |
f |
f |
|p normal
|a Texas A&M University
|b College Station
|c Sterling C. Evans Library
|d Evans: US Documents Microfiche (3rd floor)
|t 0
|e GA 1.13:GGD-98-173
|h Superintendent of Documents classification
|i microform -- microfiche
|m A14824417399
|
| 952 |
f |
f |
|a Texas A&M University
|b College Station
|c Electronic Resources
|d Available Online
|t 0
|e GA 1.13:GGD-98-173
|h Superintendent of Documents classification
|
| 998 |
f |
f |
|a GA 1.13:GGD-98-173
|t 0
|l Available Online
|
| 998 |
f |
f |
|a GA 1.13:GGD-98-173
|t 0
|l Evans: US Documents Microfiche (3rd floor)
|